Statistics for Avantasia albums

Click here to take the quiz!

General Stats

  • This quiz has been taken 14 times
    (12 since last reset)
  • The average score is 6 of 8

Answer Stats

YearAlbum% Correct
2016Ghostlights
89%
2019Moonglow
89%
2008The Scarecrow
89%
2010Angel of Babylon
78%
2001The Metal Opera
78%
2002The Metal Opera Part II
78%
2010The Wicked Symphony
78%
2013The Mystery of Time
67%

Score Distribution

Percentile by Number Answered

Percent of People with Each Score

Your Score History

You have not taken this quiz since the last reset